000 01553nam a2200409 c 4500
001 193018
003 SpMaBN
005 20260312131651.0
007 ta
008 230722s2021 sp a | ||||o000 0 spa
017 _aM 23981-2021
_bOficina Depósito Legal Madrid
020 _a9788481884029
035 _aa7085798
040 _aSpMaBN
_bspa
_cSpMaBN
_erda
_dEs-MaACL
080 _a332.146.2(=1:460-22)
080 _a332.142.6(460)
245 0 3 _aUn medio rural vivo y sostenible
250 _aPrimera edición, agosto de 2021
264 1 _aMadrid :
_bConsejo Económico y Social,
_c2021
300 _a230 páginas :
_bgráficos (color) ;
_c24 cm
336 _aTexto
_2rdacontent
337 _asin mediación
_2rdamedia
338 _avolumen
_2rdacarrier
490 1 _aInformes (CES) ;
_v02/2021
500 _a"Sesión ordinaria del Pleno de 7 de julio de 2021"
530 _aDisponible también en línea
650 4 _aDesarrollo rural-
_zEspaña
_2embne
_911815
650 7 _aDesarrollo sostenible-
_zEspaña
_2embne
_9233817
710 2 _aConsejo Económico y Social (España)
_93208
830 _aInformes (CES) ;
_9233818
_v02/2021
852 _aES-MaACL
_9200323
_bR.153325
_jN-8514
_cDEPOJ
_xDonación: Editorial
856 4 _uhttps://www.ces.es/documents/10180/5250220/Inf0221.pdf/b3bff689-bd99-6324-5cb2-c2de7b19f154
_yVersión en línea
942 _n0
_cMONOGRAFIA
999 _c193018
_d193018